[Event "World Blitz 2023"]
[Site "Samarkand UZB"]
[Date "2023.12.29"]
[EventDate "2023.12.29"]
[Round "7.32"]
[Result "1-0"]
[White "Aryan Tari"]
[Black "Abdimalik Abdisalimov"]
[WhiteElo "2577"]
[BlackElo "2417"]
[PlyCount "110"]

1. e4 c5 2. Nf3 d6 3. Bb5+ Nd7 4. O-O a6 5. Bxd7+ Bxd7 6. c3 Nf6 7. Re1 Bc6
8. d4 Bxe4 9. Bg5 Bc6 10. Bxf6 gxf6 11. d5 Bd7 12. Nbd2 e5 13. dxe6 Bxe6
14. Ne4 Be7 15. c4 f5 16. Nc3 O-O 17. Nd5 Re8 18. Qd2 Bf8 19. Rad1 b5 20.
b3 bxc4 21. bxc4 Rb8 22. g3 Bg7 23. Qf4 Rb2 24. Ne3 Rxa2 25. Nxf5 Qf6 26.
Rxd6 Rf8 27. N3h4 a5 28. Ra6 a4 29. Qe3 Qc3 30. Nxg7 Qxe3 31. Rxe3 Kxg7 32.
Re5 Bxc4 33. Nf5+ Kh8 34. Ra7 a3 35. Rxc5 Be6 36. Kg2 Rd8 37. g4 Ra1 38.
Rca5 a2 39. Kh3 Rad1 40. Rxa2 Bxa2 41. Rxa2 R1d3+ 42. Kg2 Rd2 43. Ra7 R2d7
44. Ra6 Re8 45. h3 Kg8 46. Ng3 Re6 47. Ra8+ Kg7 48. Nh5+ Kh6 49. Nf4 Re4
50. Ra6+ Kg5 51. Kg3 f6 52. h4+ Kh6 53. Nh5 Rd3+ 54. f3 Ree3 55. Rxf6# 1-0

[Event "World Blitz 2023"]
[Site "Samarkand UZB"]
[Date "2023.12.29"]
[EventDate "2023.12.29"]
[Round "7.33"]
[Result "1-0"]
[White "Robert Hovhannisyan"]
[Black "Maksim Tsaruk"]
[WhiteElo "2570"]
[BlackElo "2378"]
[PlyCount "98"]

1. e4 e5 2. Nf3 Nc6 3. Bb5 a6 4. Ba4 Nf6 5. O-O Be7 6. Nc3 b5 7. Bb3 d6 8.
a4 b4 9. Nd5 O-O 10. d4 Bg4 11. dxe5 Nxe5 12. Nxe5 Bxd1 13. Nc6 Nxd5 14.
Nxd8 Raxd8 15. Rxd1 Nf6 16. f3 a5 17. Be3 Rfe8 18. Rd3 Nd7 19. Bd5 Bf6 20.
Rb1 Nc5 21. Bxc5 dxc5 22. b3 g5 23. g3 Kg7 24. Kg2 Rd6 25. Re1 Bd4 26. Rh1
f5 27. Rf1 g4 28. Bc4 gxf3+ 29. Rdxf3 Rxe4 30. Rxf5 Rf6 31. Rxf6 Bxf6 32.
Bd3 Re6 33. Rf5 Bd4 34. h4 h6 35. Rf4 Rf6 36. Re4 Rf2+ 37. Kh3 h5 38. Re7+
Kf6 39. Rh7 c4 40. Bxc4 Rxc2 41. Rh6+ Kg7 42. Rxh5 c5 43. Rg5+ Kf6 44. Rg8
Be5 45. Rf8+ Kg7 46. Rf3 Bd4 47. g4 Be5 48. g5 Kg6 49. Bd3+ 1-0

[Event "World Blitz 2023"]
[Site "Samarkand UZB"]
[Date "2023.12.29"]
[EventDate "2023.12.29"]
[Round "7.34"]
[Result "0-1"]
[White "Matvey Galchenko"]
[Black "Henriquez Villagra, Cristobal"]
[WhiteElo "2424"]
[BlackElo "2568"]
[PlyCount "130"]

1. e4 c5 2. c3 e6 3. d4 a6 4. d5 exd5 5. exd5 d6 6. Nf3 Nf6 7. h3 Be7 8. a4
O-O 9. Be2 Bf5 10. O-O Re8 11. Bf4 Nbd7 12. Re1 Bf8 13. a5 Bxb1 14. Rxb1
Qxa5 15. c4 Re4 16. Bd2 Qc7 17. Bd3 Rxe1+ 18. Bxe1 Re8 19. Bc3 g6 20. Qc2
Bg7 21. b3 Nh5 22. Bd2 Ne5 23. Nxe5 Bxe5 24. g3 Qd8 25. Kg2 Bd4 26. Qd1 Qf6
27. Qf3 Qxf3+ 28. Kxf3 Nf6 29. b4 Nd7 30. Kg2 b6 31. bxc5 Bxc5 32. f4 a5
33. Ra1 Bd4 34. Ra2 Nc5 35. Bf1 Ne4 36. Be1 f5 37. Be2 Bc3 38. Bf2 Nxf2 39.
Kxf2 Bd4+ 40. Kg2 Re3 41. Bd1 Rc3 42. Rc2 Rd3 43. Be2 Ra3 44. Rd2 Bc5 45.
Bd1 a4 46. Re2 Ra1 47. Bc2 Kf7 48. g4 a3 49. Bb3 Rg1+ 50. Kf3 Rc1 51. Ba2
Rc3+ 52. Kg2 Be3 53. Kf3 Bc1+ 54. Kg2 fxg4 55. hxg4 Bxf4 56. Rf2 g5 57. Rf3
Rc2+ 58. Rf2 Rc1 59. Rf1 Kf6 60. Rxc1 Bxc1 61. Kf3 Ke5 62. Ke2 Kf4 63. Kd1
Be3 64. Kc2 Kxg4 65. Kb3 Bc5 0-1

[Event "World Blitz 2023"]
[Site "Samarkand UZB"]
[Date "2023.12.29"]
[EventDate "2023.12.29"]
[Round "7.35"]
[Result "1-0"]
[White "Aleksey Grebnev"]
[Black "V Pranav"]
[WhiteElo "2404"]
[BlackElo "2562"]
[PlyCount "152"]

1. d4 Nf6 2. c4 e6 3. Nc3 Bb4 4. e3 O-O 5. Bd2 b6 6. Nf3 Bb7 7. Bd3 d6 8.
O-O Nbd7 9. a3 Bxc3 10. Bxc3 Ne4 11. Be1 f5 12. Kh1 Rf6 13. Ng1 Rh6 14. f3
Nef6 15. Qe2 Qe7 16. b4 Rf8 17. Rc1 Nh5 18. Nh3 c5 19. bxc5 bxc5 20. Rb1
Ba8 21. Qf2 g5 22. Qe2 Qg7 23. d5 exd5 24. cxd5 Ne5 25. Bc4 Qe7 26. Ba2 Bb7
27. Kg1 Bc8 28. Bc3 Ng6 29. Rb8 f4 30. Nf2 fxe3 31. Ng4 Bxg4 32. Rxf8+ Nxf8
33. fxg4 Nf4 34. Qf3 Nd7 35. Re1 e2 36. g3 Ng6 37. Rxe2 Nge5 38. Qe3 Rf6
39. Kg2 h6 40. Bb1 Qf7 41. Bf5 Qxd5+ 42. Qe4 Qxe4+ 43. Rxe4 Rf8 44. Ra4 Ra8
45. Ra6 Nb6 46. Be4 d5 47. Bxe5 dxe4 48. Kf2 Nc4 49. Bc3 Nb6 50. Ba5 Nc4
51. Bc3 Nb6 52. Ba5 Nd5 53. Rxh6 Rb8 54. Rg6+ Kf7 55. Rxg5 Rb2+ 56. Ke1 Ke6
57. Rg8 c4 58. Re8+ Kd6 59. Rxe4 c3 60. Kd1 Rxh2 61. Kc1 Kc6 62. Bxc3 Rh1+
63. Kc2 Rh2+ 64. Kb3 Rg2 65. Be5 Rg1 66. g5 Ne7 67. Bf4 Nf5 68. Rc4+ Kd5
69. Rc3 Nd4+ 70. Ka4 Rb1 71. g6 Rb7 72. Rc7 Rb6 73. g7 Ra6+ 74. Kb4 Rb6+
75. Ka5 Nb3+ 76. Ka4 1-0

[Event "World Blitz 2023"]
[Site "Samarkand UZB"]
[Date "2023.12.29"]
[EventDate "2023.12.29"]
[Round "7.36"]
[Result "0-1"]
[White "Zhandos Agmanov"]
[Black "Mikhail Kobalia"]
[WhiteElo "2407"]
[BlackElo "2558"]
[PlyCount "106"]

1. e4 c5 2. Nf3 e6 3. d4 cxd4 4. Nxd4 Nc6 5. Nc3 a6 6. Be3 Nf6 7. Bd3 d6 8.
Qe2 Bd7 9. f4 Be7 10. O-O O-O 11. Rae1 b5 12. a3 Qc7 13. Nxc6 Bxc6 14. Bd4
Nd7 15. e5 g6 16. Ne4 Bxe4 17. Bxe4 Rad8 18. exd6 Bxd6 19. g3 Bc5 20. Bxc5
Nxc5 21. Bf3 Na4 22. c3 Rd7 23. Rd1 Rfd8 24. Rxd7 Rxd7 25. Kg2 Qd8 26. Rf2
Nb6 27. Qe4 Nc4 28. Qe1 Rd6 29. h4 h5 30. Qe4 Rd2 31. Qe1 Rxb2 32. Rxb2
Nxb2 33. Qe4 Qd2+ 34. Kh3 Nd3 35. Qd4 Qc2 36. Bg2 Nf2+ 37. Kh2 Ng4+ 38. Kh3
Qf5 39. Qd8+ Kh7 40. Qc7 Kg7 41. Qb6 a5 42. Qd4+ Kg8 43. Qd8+ Kh7 44. Qxa5
Ne3+ 45. Kh2 Qc2 46. Qa8 Qxc3 47. Qb7 Kg7 48. Qxb5 Qd2 49. Qe5+ Kg8 50. Qe4
Ng4+ 51. Kg1 Qf2+ 52. Kh1 Qxg3 53. Kg1 Qf2+ 0-1

[Event "World Blitz 2023"]
[Site "Samarkand UZB"]
[Date "2023.12.29"]
[EventDate "2023.12.29"]
[Round "7.37"]
[Result "1/2-1/2"]
[White "Cem Kaan Gokerkan"]
[Black "Alexander Moiseenko"]
[WhiteElo "2365"]
[BlackElo "2556"]
[PlyCount "148"]

1. e4 c5 2. c3 d5 3. exd5 Qxd5 4. d4 Nc6 5. Nf3 Bf5 6. Be2 cxd4 7. cxd4
Bxb1 8. Rxb1 e6 9. O-O Bd6 10. b4 Nf6 11. b5 Ne7 12. Ne5 Bxe5 13. dxe5 Qxe5
14. Ba3 Nfd5 15. Bf3 Rd8 16. Re1 Qc7 17. Rc1 Qd7 18. Qd4 f6 19. Qxa7 Kf7
20. Bxe7 Qxe7 21. b6 Ra8 22. Bxd5 Rxa7 23. bxa7 Qa3 24. Bxb7 f5 25. a8=Q
Rxa8 26. Bxa8 Qxa8 27. Rc2 Qa5 28. Rce2 h6 29. g3 Kg8 30. Rxe6 Qxa2 31.
R6e5 Qc2 32. R5e3 Kh7 33. h4 Qc8 34. Rf3 h5 35. Rf4 g6 36. Re7+ Kh6 37. Re1
Qc3 38. Rd1 Qc2 39. Rd6 Qb1+ 40. Kh2 Qb8 41. Rf6 Kg7 42. Ra6 Qb2 43. Rd6
Qe2 44. Kg2 Qb2 45. Rfd4 Qb7+ 46. Kg1 Qb1+ 47. Rd1 Qc2 48. R1d2 Qb1+ 49.
Kh2 Qf1 50. Rb6 Qe1 51. Rbb2 f4 52. gxf4 Qe4 53. Kg3 Qh1 54. f3 Qg1+ 55.
Rg2 Qe1+ 56. Rbf2 Kf6 57. Kh3 Qh1+ 58. Kg3 Qe1 59. Kh3 Qh1+ 60. Rh2 Qe1 61.
Kg3 Kf5 62. Rg2 Qe3 63. Kh3 Qxf4 64. Rg5+ Kf6 65. Rg3 Qe3 66. Kg2 Qf4 67.
Ra2 Kg7 68. Ra7+ Kh6 69. Ra6 Qd2+ 70. Kh3 Qd7+ 71. Kh2 Qd2+ 72. Kh3 Qd7+
73. Kg2 Qd2+ 74. Kh3 1/2-1/2

[Event "World Blitz 2023"]
[Site "Samarkand UZB"]
[Date "2023.12.29"]
[EventDate "2023.12.29"]
[Round "7.38"]
[Result "0-1"]
[White "Munkhdalai Amilal"]
[Black "Velimir Ivic"]
[WhiteElo "2293"]
[BlackElo "2542"]
[PlyCount "44"]

1. e4 c5 2. Nf3 Nc6 3. Bb5 e6 4. O-O Nge7 5. Re1 Nd4 6. Nxd4 cxd4 7. c3 a6
8. Bf1 Nc6 9. d3 Bc5 10. Nd2 d6 11. Nb3 e5 12. cxd4 Nxd4 13. Nxd4 Bxd4 14.
Be3 Qb6 15. Bxd4 Qxd4 16. Qd2 Be6 17. Rec1 O-O 18. Qc3 Rfc8 19. Qxd4 exd4
20. a3 a5 21. f4 Kf8 22. Kf2 Rc6 0-1

[Event "World Blitz 2023"]
[Site "Samarkand UZB"]
[Date "2023.12.29"]
[EventDate "2023.12.29"]
[Round "7.39"]
[Result "0-1"]
[White "Lev Zverev"]
[Black "Rudik Makarian"]
[WhiteElo "2299"]
[BlackElo "2540"]
[PlyCount "96"]

1. e4 c5 2. Nf3 d6 3. d4 cxd4 4. Nxd4 Nf6 5. f3 e6 6. c4 b6 7. Nc3 Bb7 8.
Be3 Be7 9. Be2 a6 10. O-O O-O 11. Qd2 Qc7 12. Rfc1 Nbd7 13. Kh1 Rac8 14. a4
Rfe8 15. a5 bxa5 16. Nb3 Qb8 17. Nxa5 Ba8 18. b4 d5 19. c5 dxe4 20. fxe4
Rcd8 21. Qc2 Ne5 22. Bxa6 Neg4 23. Bg1 Qe5 24. Qe2 h5 25. h3 Qg5 26. hxg4
hxg4 27. Be3 Qh4+ 28. Kg1 g3 29. Nb7 Ng4 30. Qf3 Nxe3 31. Qxe3 Bg5 32. Qf3
Qh2+ 33. Kf1 Rd2 34. Ke1 Bxb7 35. Bf1 Rf2 36. Qd3 Rd8 37. Nd5 exd5 38. c6
Bc8 39. c7 Re8 40. Qxd5 Bxc1 41. Qd8 Bd2+ 42. Kd1 Bg4+ 43. Be2 Bxe2+ 44.
Kc2 Rxd8 45. cxd8=Q+ Kh7 46. Kxd2 Qh6+ 47. Kc3 Qc6+ 48. Kd4 0-1

[Event "World Blitz 2023"]
[Site "Samarkand UZB"]
[Date "2023.12.29"]
[EventDate "2023.12.29"]
[Round "7.40"]
[Result "1/2-1/2"]
[White "Mukhammadali Abdurakhmonov"]
[Black "Sergey Grigoriants"]
[WhiteElo "2214"]
[BlackElo "2532"]
[PlyCount "156"]

1. d4 Nf6 2. Bg5 d5 3. e3 c5 4. Bxf6 gxf6 5. dxc5 e6 6. Nf3 Bxc5 7. Be2 Nc6
8. O-O f5 9. c4 dxc4 10. Qa4 Qf6 11. Nc3 O-O 12. Qxc4 Bb6 13. Rfd1 Kh8 14.
Bf1 Qg7 15. Rd2 Ba5 16. a3 Bxc3 17. bxc3 e5 18. Qb5 Rb8 19. Rad1 Be6 20. c4
f4 21. exf4 exf4 22. Qg5 Qxg5 23. Nxg5 Rfd8 24. Nxe6 fxe6 25. Rd7 b6 26. g3
e5 27. R1d6 Rxd7 28. Rxd7 a5 29. Bg2 Nd4 30. Be4 Rc8 31. Bd3 h6 32. Rh7+
Kg8 33. Rxh6 Rb8 34. Rh5 Kg7 35. Kg2 Kf6 36. Rh6+ Ke7 37. a4 Nb3 38. h4 Nc5
39. Bc2 Rd8 40. Rxb6 Rd2 41. Bf5 e4 42. Rb5 Kd6 43. gxf4 e3 44. Rb6+ Ke7
45. Rb1 Rxf2+ 46. Kg3 Kf6 47. Bh7 Kg7 48. Bf5 Kf6 49. Rb5 Nxa4 50. Rxa5 Nc3
51. Bd3 Rd2 52. Ra6+ Ke7 53. Ra7+ Kf6 54. Ra6+ Ke7 55. Ra7+ Kd6 56. Ra6+
Kc5 57. Bf5 e2 58. Re6 Rd1 59. Re5+ Kd4 60. h5 e1=Q+ 61. Rxe1 Rxe1 62. h6
Re8 63. h7 Ne4+ 64. Kh4 Rf8 65. Bg6 Rxf4+ 66. Kh5 Rf8 67. Kh6 Nf6 68. Kg7
Nxh7 69. Bxh7 Rc8 70. Bg8 Kc5 71. Bd5 Kd6 72. Kf6 Rf8+ 73. Kg7 Rf2 74. Kg6
Ke5 75. Kg7 Rf6 76. Bf7 Rc6 77. Bd5 Rb6 78. Kf7 Ra6 1/2-1/2

[Event "World Blitz 2023"]
[Site "Samarkand UZB"]
[Date "2023.12.29"]
[EventDate "2023.12.29"]
[Round "7.41"]
[Result "1-0"]
[White "Haik M Martirosyan"]
[Black "Ortik Nigmatov"]
[WhiteElo "2770"]
[BlackElo "2382"]
[PlyCount "64"]

1. d4 d6 2. e4 Nf6 3. Nc3 Nbd7 4. Nf3 e5 5. Bc4 Be7 6. O-O O-O 7. Re1 c6 8.
a4 a5 9. h3 h6 10. Bf1 Re8 11. Be3 exd4 12. Qxd4 Qc7 13. Rad1 Ne5 14. Nh2
Bf8 15. f4 Ng6 16. Nf3 Nh5 17. Qd2 Nf6 18. Bd3 Bd7 19. Qf2 c5 20. Nd2 Bc6
21. Nb5 Qb8 22. Nc3 Qc7 23. b3 Rad8 24. g3 b6 25. Bb5 Bxb5 26. Nxb5 Qb7 27.
Nc3 d5 28. exd5 Nxd5 29. Qf3 Nge7 30. Nc4 Qa6 31. Nxd5 Qb7 32. Nf6+ 1-0

[Event "World Blitz 2023"]
[Site "Samarkand UZB"]
[Date "2023.12.29"]
[EventDate "2023.12.29"]
[Round "7.42"]
[Result "1-0"]
[White "Emin Ohanyan"]
[Black "Surya Shekhar Ganguly"]
[WhiteElo "2387"]
[BlackElo "2549"]
[PlyCount "70"]

1. d4 Nf6 2. c4 e6 3. Nf3 d5 4. Nc3 c5 5. cxd5 Nxd5 6. e4 Nxc3 7. bxc3 cxd4
8. cxd4 Bb4+ 9. Bd2 Bxd2+ 10. Qxd2 O-O 11. Rd1 Bd7 12. Bd3 Ba4 13. Rb1 Nc6
14. Be2 Qe7 15. O-O Rfd8 16. Rfc1 Rac8 17. Qe3 h6 18. h3 a6 19. Kh1 b5 20.
Rc5 Na7 21. Rbc1 Rxc5 22. Rxc5 Rc8 23. Rxc8+ Nxc8 24. Qc3 Nd6 25. Qc6 f6
26. Nh4 Kh7 27. Bh5 g5 28. Ng6 Qd8 29. Qxa6 Qc7 30. Qa8 Nc8 31. e5 Bc2 32.
Nf8+ Kg8 33. Nxe6 Qc4 34. Nc5 Bf5 35. Qf3 1-0

[Event "World Blitz 2023"]
[Site "Samarkand UZB"]
[Date "2023.12.29"]
[EventDate "2023.12.29"]
[Round "7.43"]
[Result "1-0"]
[White "Ediz Gurel"]
[Black "Anton Demchenko"]
[WhiteElo "2359"]
[BlackElo "2545"]
[PlyCount "82"]

1. e4 e5 2. Nf3 Nc6 3. Bb5 a6 4. Bxc6 dxc6 5. O-O Qf6 6. d4 exd4 7. Bg5 Qd6
8. Nxd4 Be7 9. Be3 Bd7 10. Nc3 O-O-O 11. Qe2 Qg6 12. Rad1 h5 13. f3 h4 14.
Nb3 Nf6 15. Nc5 Bxc5 16. Bxc5 Nh5 17. Qf2 Nf4 18. Kh1 b6 19. Be3 Qf6 20.
Bxb6 cxb6 21. Qxb6 Qg5 22. Rf2 Be6 23. Qxc6+ Kb8 24. Qb6+ Kc8 25. Qxa6+ Kb8
26. Qb6+ Kc8 27. Rfd2 Rxd2 28. Rxd2 Rd8 29. Nb5 Rd7 30. Nd6+ Rxd6 31. Qxd6
h3 32. g3 Ng2 33. Qc6+ Kb8 34. Qb6+ Kc8 35. f4 Qe7 36. Qc6+ Kb8 37. Qb6+
Kc8 38. Rd3 Bc4 39. Qc6+ Qc7 40. Qxc7+ Kxc7 41. Rc3 1-0

[Event "World Blitz 2023"]
[Site "Samarkand UZB"]
[Date "2023.12.29"]
[EventDate "2023.12.29"]
[Round "7.44"]
[Result "1-0"]
[White "Guha Mitrabha"]
[Black "Artem Pingin"]
[WhiteElo "2512"]
[BlackElo "2358"]
[PlyCount "52"]

1. Nf3 d5 2. c4 dxc4 3. e3 e6 4. Bxc4 a6 5. a4 c5 6. O-O Nf6 7. b3 Nc6 8.
Bb2 Be7 9. d4 O-O 10. Nbd2 b6 11. Qe2 Bb7 12. Rfd1 cxd4 13. Nxd4 Qc7 14.
Rac1 Rfc8 15. N2f3 Nxd4 16. Nxd4 Qb8 17. Nxe6 fxe6 18. Bxe6+ Kh8 19. Bxc8
Bxc8 20. Qc4 Bf5 21. h3 Qf8 22. Qc6 Be4 23. Qxb6 Qf7 24. f3 Bd5 25. Rc7 Bd8
26. Rxf7 Bxb6 1-0

[Event "World Blitz 2023"]
[Site "Samarkand UZB"]
[Date "2023.12.29"]
[EventDate "2023.12.29"]
[Round "7.45"]
[Result "0-1"]
[White "Chongsheng Zeng"]
[Black "Jakub Seemann"]
[WhiteElo "2504"]
[BlackElo "2332"]
[PlyCount "70"]

1. c4 Nf6 2. Nc3 g6 3. Nf3 Bg7 4. d4 O-O 5. g3 d6 6. Bg2 Nc6 7. O-O Bg4 8.
h3 Bxf3 9. Bxf3 Nd7 10. e3 e5 11. dxe5 Ndxe5 12. Be2 Qd7 13. Kg2 Na5 14.
Qd5 Qc6 15. Qxc6 bxc6 16. c5 Nec4 17. Na4 Rab8 18. a3 dxc5 19. Ra2 Rfd8 20.
Nxc5 Nxb2 21. Bxb2 Rxb2 22. Rxb2 Bxb2 23. a4 Rd2 24. Bf3 Rc2 25. Nd3 c5 26.
Rb1 Bf6 27. Rb5 Nc4 28. Kg1 Ne5 29. Nxe5 Bxe5 30. Bd5 Kg7 31. Ra5 c4 32. f4
Bd6 33. Rxa7 c3 34. Ra6 Rd2 35. Bf3 c2 0-1

[Event "World Blitz 2023"]
[Site "Samarkand UZB"]
[Date "2023.12.29"]
[EventDate "2023.12.29"]
[Round "7.46"]
[Result "0-1"]
[White "Stepan Zilka"]
[Black "Artem Uskov"]
[WhiteElo "2494"]
[BlackElo "2328"]
[PlyCount "86"]

1. e4 c5 2. Nf3 e6 3. d4 cxd4 4. Nxd4 Nc6 5. Nc3 Qc7 6. Nxc6 bxc6 7. Qd3
Nf6 8. Qg3 Qxg3 9. hxg3 d5 10. exd5 exd5 11. Bf4 Bb4 12. a3 Bxc3+ 13. bxc3
O-O 14. Bd3 Re8+ 15. Kf1 h6 16. f3 c5 17. c4 Ba6 18. cxd5 Bxd3+ 19. cxd3
Nxd5 20. Bd2 Rab8 21. Rh5 Red8 22. Rc1 Rb2 23. Rxc5 Nf6 24. Bc1 Ra2 25.
Rhe5 Rxd3 26. Re2 Ra1 27. Kf2 Rb1 28. Bb2 Nd5 29. Rc8+ Kh7 30. Rc1 Rxc1 31.
Bxc1 Rb3 32. Bb2 f6 33. Rc2 Nb6 34. Ke2 Na4 35. Bc1 Nc3+ 36. Kf2 Nb5 37. a4
Nc3 38. a5 a6 39. Bd2 Nb5 40. Be3 Ra3 41. Bb6 Nc3 42. g4 Nd5 43. Rc6 0-1

[Event "World Blitz 2023"]
[Site "Samarkand UZB"]
[Date "2023.12.29"]
[EventDate "2023.12.29"]
[Round "7.47"]
[Result "0-1"]
[White "Gianmarco Leiva"]
[Black "Xiangyu Xu"]
[WhiteElo "2338"]
[BlackElo "2491"]
[PlyCount "72"]

1. d4 Nf6 2. Nf3 g6 3. Bg5 Bg7 4. c3 h6 5. Bh4 d6 6. e3 b6 7. Bc4 Bb7 8.
Qe2 O-O 9. Nbd2 Nbd7 10. e4 e5 11. dxe5 dxe5 12. O-O Qe8 13. a4 a5 14. Bb5
Qe6 15. Ne1 Nh5 16. Nd3 Ndf6 17. f3 Rad8 18. Rfd1 Kh7 19. Bf2 Ne8 20. Bc4
Qe7 21. Nf1 Nd6 22. Bb3 Ba6 23. Qe1 Nc4 24. Ne3 Nxe3 25. Qxe3 Bf6 26. Bc2
Rd6 27. Bg3 Rfd8 28. Nf2 Bg5 29. Qe1 Bd2 30. Rxd2 Rxd2 31. Rc1 Nxg3 32.
hxg3 Qc5 33. Bb3 Re2 34. Qf1 Rdd2 35. Kh2 Rxf2 36. Qd1 0-1

[Event "World Blitz 2023"]
[Site "Samarkand UZB"]
[Date "2023.12.29"]
[EventDate "2023.12.29"]
[Round "7.48"]
[Result "0-1"]
[White "Alisher Suleymenov"]
[Black "Yuriy Kuzubov"]
[WhiteElo "2326"]
[BlackElo "2487"]
[PlyCount "94"]

1. d4 Nf6 2. c4 e6 3. Nf3 d5 4. g3 Bb4+ 5. Bd2 Bd6 6. Bg2 O-O 7. O-O Nbd7
8. Nc3 c6 9. Bg5 h6 10. Bxf6 Nxf6 11. Nd2 Be7 12. e4 c5 13. dxc5 d4 14. Na4
e5 15. b4 Bd7 16. Nb2 b6 17. cxb6 Bxb4 18. Nd3 Bc3 19. b7 Rb8 20. Rb1 Qc7
21. f4 Ng4 22. Qe2 Rxb7 23. Rxb7 Qxb7 24. h3 Ne3 25. Rb1 Qa6 26. Nc5 Qc6
27. Nxd7 Qxd7 28. f5 Qa4 29. Nf3 Qxc4 30. Qxc4 Nxc4 31. Rb7 a5 32. Rc7 Nd6
33. Nxe5 Rc8 34. Rd7 Bb4 35. Nd3 Ba3 36. g4 Rc3 37. Nf4 d3 38. Bf1 d2 39.
Be2 Rc1+ 40. Kf2 d1=Q 41. Bxd1 Rxd1 42. Ke2 Ra1 43. e5 Rxa2+ 44. Kd3 Nb5
45. Rd8+ Kh7 46. e6 Ra1 47. exf7 Rd1+ 0-1

[Event "World Blitz 2023"]
[Site "Samarkand UZB"]
[Date "2023.12.29"]
[EventDate "2023.12.29"]
[Round "7.49"]
[Result "1-0"]
[White "Dmitry Bocharov"]
[Black "Kanan Garayev"]
[WhiteElo "2482"]
[BlackElo "2260"]
[PlyCount "80"]

1. c4 e6 2. g3 d5 3. Bg2 Nf6 4. Nf3 Be7 5. d4 O-O 6. Nc3 dxc4 7. Ne5 c5 8.
dxc5 Qc7 9. Nxc4 Rd8 10. Qb3 Nbd7 11. c6 bxc6 12. O-O Rb8 13. Qc2 Ba6 14.
b3 Nd5 15. Bd2 Bf6 16. Rac1 Bxc4 17. bxc4 Nxc3 18. Bxc3 Bxc3 19. Qxc3 c5
20. Rfd1 Nf6 21. h4 h6 22. Bf3 Rxd1+ 23. Rxd1 Rd8 24. Rb1 Rb8 25. Rb5 a6
26. Rxb8+ Qxb8 27. Qa5 Qb1+ 28. Kg2 e5 29. Bc6 e4 30. Qxa6 Qd1 31. Qa8+ Kh7
32. Bxe4+ g6 33. Bf3 Qd4 34. a4 g5 35. hxg5 hxg5 36. Qb7 Qxc4 37. a5 g4 38.
Bc6 Kg6 39. a6 Qxe2 40. a7 1-0

[Event "World Blitz 2023"]
[Site "Samarkand UZB"]
[Date "2023.12.29"]
[EventDate "2023.12.29"]
[Round "7.50"]
[Result "0-1"]
[White "Saidakbar Saydaliev"]
[Black "Elham Amar"]
[WhiteElo "2323"]
[BlackElo "2470"]
[PlyCount "82"]

1. e4 c6 2. Nf3 d5 3. Nc3 dxe4 4. Nxe4 Nf6 5. Qe2 Nxe4 6. Qxe4 Nd7 7. d4
Nf6 8. Qd3 Bg4 9. Ne5 Bh5 10. Be3 e6 11. Qb3 Qc7 12. Bd3 Bd6 13. Nc4 Be7
14. h3 O-O 15. O-O b5 16. Nd2 Nd5 17. Ne4 Nxe3 18. fxe3 Bg6 19. a4 a6 20.
c3 c5 21. axb5 c4 22. Qxc4 Qxc4 23. Bxc4 Bxe4 24. bxa6 Rfb8 25. Ra2 Ra7 26.
Be2 Rb3 27. Rc1 Kf8 28. Kf2 Bg5 29. Bf3 Bd5 30. Rc2 Rb6 31. Bxd5 exd5 32.
Ra5 Rf6+ 33. Kg3 Bxe3 34. Rxd5 Raxa6 35. b4 Rae6 36. Kh2 Bf4+ 37. g3 Bd6
38. b5 Re3 39. Kh1 Rxg3 40. b6 Rfg6 41. Rc1 Rxh3# 0-1

[Event "World Blitz 2023"]
[Site "Samarkand UZB"]
[Date "2023.12.29"]
[EventDate "2023.12.29"]
[Round "7.51"]
[Result "1-0"]
[White "Grzegorz Nasuta"]
[Black "Mergen Kakabayev"]
[WhiteElo "2467"]
[BlackElo "2255"]
[PlyCount "98"]

1. e4 e6 2. d4 d5 3. e5 c5 4. c3 Qb6 5. Nf3 Nc6 6. a3 Bd7 7. b4 cxd4 8.
cxd4 Rc8 9. Bb2 Nge7 10. Nc3 Na5 11. Na4 Qc6 12. Nc5 Nc4 13. Bc1 b6 14.
Nxd7 Qxd7 15. Bd3 Nc6 16. h4 Be7 17. h5 h6 18. O-O b5 19. Rb1 Ra8 20. Ne1
Nxd4 21. Qg4 Nc6 22. Qxg7 Rf8 23. Nf3 Kd8 24. Bxh6 Kc7 25. Qg3 Rh8 26. Qf4
f5 27. exf6+ Bd6 28. Qg5 Rag8 29. Bg7 N6e5 30. Nxe5 Nxe5 31. Be2 Kb7 32.
Rbc1 a6 33. Rc3 Nf7 34. Qg4 Be5 35. Qh3 Rxg7 36. fxg7 Bxg7 37. Rg3 Be5 38.
Rg6 Rh6 39. Bg4 Rxg6 40. hxg6 Ng5 41. Qh5 Bf6 42. Re1 Qd6 43. Qh2 e5 44.
Qh6 Qe7 45. Qh5 e4 46. Bf5 Kb6 47. Qg4 Qe5 48. Kh1 Qe7 49. f4 Bc3 1-0

[Event "World Blitz 2023"]
[Site "Samarkand UZB"]
[Date "2023.12.29"]
[EventDate "2023.12.29"]
[Round "7.52"]
[Result "0-1"]
[White "Venkataraman Karthik"]
[Black "Sumiya Chinguun"]
[WhiteElo "2440"]
[BlackElo "2200"]
[PlyCount "96"]

1. e4 c5 2. Nf3 Nc6 3. Bb5 g6 4. Bxc6 dxc6 5. d3 Bg7 6. h3 Nf6 7. Nc3 Nd7
8. Be3 e5 9. Qd2 Qe7 10. Bh6 Bxh6 11. Qxh6 Qf6 12. Qe3 b6 13. Ne2 Nf8 14.
O-O Ne6 15. c3 O-O 16. Nh2 Rd8 17. Ng4 Qg7 18. Rad1 h5 19. Nh2 Ba6 20. f4
exf4 21. Nxf4 Nxf4 22. Rxf4 Rd7 23. e5 Re8 24. Nf3 Rd5 25. c4 Rd7 26. Qf2
Bc8 27. b3 Rdd8 28. d4 cxd4 29. Rdxd4 Be6 30. Qd2 Rc8 31. Rd6 c5 32. Rf6
Bf5 33. Qf4 Re7 34. Rxf5 gxf5 35. Rf6 Re6 36. Rxf5 Rg6 37. Nh4 Rg3 38. Kh2
Rg6 39. Nxg6 fxg6 40. Rf6 Re8 41. Qg5 Kh7 42. e6 Re7 43. Qf4 Kg8 44. h4 Re8
45. Qg5 Qc7+ 46. g3 Re7 47. Rxg6+ Kf8 48. Rg8# 0-1

[Event "World Blitz 2023"]
[Site "Samarkand UZB"]
[Date "2023.12.29"]
[EventDate "2023.12.29"]
[Round "7.53"]
[Result "0-1"]
[White "Aldiyar Ansat"]
[Black "Asrorjon Omonov"]
[WhiteElo "2404"]
[BlackElo "2069"]
[PlyCount "64"]

1. e4 c6 2. d4 d5 3. Nc3 dxe4 4. Nxe4 Nf6 5. Nxf6+ exf6 6. Be3 Bd6 7. Bd3
O-O 8. Ne2 Re8 9. O-O Qc7 10. h3 Nd7 11. c4 Nf8 12. Qc2 c5 13. Rad1 Be6 14.
Rfe1 Rad8 15. a3 a6 16. Kh1 Ng6 17. b4 b6 18. Bxg6 hxg6 19. bxc5 bxc5 20.
d5 Bd7 21. Kg1 Qa5 22. Qc3 Qc7 23. Rb1 f5 24. Qd2 f6 25. Rb3 g5 26. f4 gxf4
27. Nxf4 Bxf4 28. Bxf4 Rxe1+ 29. Qxe1 Qxf4 30. Qe7 Re8 31. Rf3 Qc1+ 32. Rf1
Qxf1+ 0-1

[Event "World Blitz 2023"]
[Site "Samarkand UZB"]
[Date "2023.12.29"]
[EventDate "2023.12.29"]
[Round "7.55"]
[Result "1-0"]
[White "Arystanbek Urazayev"]
[Black "Giovanni Vescovi"]
[WhiteElo "2408"]
[BlackElo "2593"]
[PlyCount "46"]

1. e4 c5 2. Nf3 e6 3. d4 cxd4 4. Nxd4 a6 5. g3 Nc6 6. Bg2 Nf6 7. O-O Qc7 8.
c4 d6 9. Be3 Nxd4 10. Qxd4 e5 11. Qd3 Be6 12. b3 Be7 13. Nc3 O-O 14. Rac1
Rac8 15. Nd5 Bxd5 16. cxd5 Qa5 17. Rc2 Rxc2 18. Qxc2 Bd8 19. Rc1 Bb6 20. b4
Qb5 21. a4 Bxe3 22. axb5 Bxc1 23. Qxc1 1-0